Multi-objective optimization using evolutionary algorithms

Uloženo v:
Podrobná bibliografie
Hlavní autor: Deb, Kalyanmoy (Autor)
Médium: Kniha
Jazyk:angličtina
Vydáno: Chichester John Wiley and Sons, Ltd 2001
Vydání:1a. ed
Témata:
Tagy: Přidat tag
Žádné tagy, Buďte první, kdo vytvoří štítek k tomuto záznamu!

MARC

LEADER 00000cam a2200000 a 4500
001 UCD1400
003 CL-VaPUC
008 160303e20010000uk |||||||||||||||||eng|d
020 |a 9780470743614 
082 0 4 |a 006.3  |b DEB  |2 21 
100 0 |a Deb, Kalyanmoy  |e author  |9 584510 
245 1 0 |a Multi-objective optimization using evolutionary algorithms 
250 |a 1a. ed 
300 |a 515 p 
942 |c BK 
945 |d 20160303 03:41:00  |a dcastane 
260 |a Chichester  |b John Wiley and Sons, Ltd  |c 2001 
650 0 |a Optimización matemática  |9 259780 
650 0 |a Algoritmos   |9 260639 
650 7 |a INTELIGENCIA ARTIFICIAL  |2 CL-VaPUC  |9 584511 
583 |a last modification  |c 20160303 03:41:00  |k Rodrigo Vera 
999 |c 362741  |d 362739 
952 |0 0  |1 0  |3 erb  |4 0  |6 006_300000000000000_DEB_2001  |7 0  |8 A  |9 474202  |a BIBING  |b BIBING  |i 5265509  |o 006.3 DEB 2001  |p 5265509  |r 2025-01-20  |w 2019-11-24  |y BK  |z Catalogado en:20160303  |k EII